Mahapurukh Sri Sankardeva aru Sri Madhavdeva charit (Record no. 8793)

MARC details
000 -LEADER
fixed length control field 00595cam a2200217ua 4500
001 - CONTROL NUMBER
control field 9791
005 - DATE AND TIME OF LATEST TRANSACTION
control field 20260515114525.0
008 - FIXED-LENGTH DATA ELEMENTS--GENERAL INFORMATION
fixed length control field 160831n ii |||gr||||Z||||||asm
040 ## - CATALOGING SOURCE
Transcribing agency MAIN
041 ## - LANGUAGE CODE
Language code of text/sound track or separate title asm
082 ## - DEWEY DECIMAL CLASSIFICATION NUMBER
Classification number 294.3
100 ## - MAIN ENTRY--PERSONAL NAME
Personal name Thakur, Doityari,
Relator term Author.
245 ## - TITLE STATEMENT
Title Mahapurukh Sri Sankardeva aru Sri Madhavdeva charit
Statement of responsibility, etc. By Doityari Thakur
250 ## - EDITION STATEMENT
Edition statement 2nd ed.
260 ## - PUBLICATION, DISTRIBUTION, ETC.
Place of publication, distribution, etc. Guwahati:
Name of publisher, distributor, etc. Duttabaruah & company,
Date of publication, distribution, etc. 1989.
300 ## - PHYSICAL DESCRIPTION
Extent 389p.
653 ## - INDEX TERM--UNCONTROLLED
Uncontrolled term Religions ofIndic origin
653 ## - INDEX TERM--UNCONTROLLED
Uncontrolled term Religious literature
700 ## - ADDED ENTRY--PERSONAL NAME
Personal name Duttabaruah, Harinarayan,
Relator term Editor.
942 ## - ADDED ENTRY ELEMENTS (KOHA)
Koha item type Books
Holdings
Withdrawn status Lost status Damaged status Not for loan Home library Current library Date acquired Total checkouts Full call number Barcode Date last seen Copy number Price effective from Koha item type
        Naharkatiya College Library Naharkatiya College Library 09/19/2020   294.3 | THA 9618 09/19/2020 1 09/19/2020 Books